00725nam a22002057a 450000500170000000800410001702000180005804100080007604400080008408200180009224500570011026000730016730000250024065000280026565000290029365000330032294200170035599900150037295201320038720180803165451.0090318s2008 xxu g 000 0dspa d a9781933890517 aeng axxu a658.404bP96g10aA guide to the project management body of knowledge. aNewton Square, PensilvaniabProject Management Institute, Inc.c2008 axxvi, 459 p.c28 cm. aAdministración992239 aProject management91134 aGestión de projectos91135 2ddccImpreso c7493d7493 00102ddc40708GENERALaBogotabBogotad2013-07-31l0oLB 658.404 P96gp028720r2013-07-31 00:00:00tEj. 1w2013-07-31yLIBRO